| 000 | 00832 a2200253 4500 | ||
|---|---|---|---|
| 003 | OSt | ||
| 005 | 20180116192349.0 | ||
| 008 | 120601t xxu||||| |||| 00| 0 eng d | ||
| 010 | _a 2005011031 | ||
| 020 | _a1844071812 | ||
| 020 | _a1844071804 | ||
| 020 | _a9781844071807 | ||
| 040 | _c0 | ||
| 082 | 0 | 0 | _a658.5752 |
| 100 | 1 |
_aChapman, Jonathan, _93271 |
|
| 245 | 1 | 0 |
_aEmotionally durable design : _bobjects, experiences, and empathy / _cJonathan Chapman. |
| 260 |
_aLondon : _aSterling, VA : _bEarthscan, _c2005. |
||
| 300 |
_aviii, 211 p. : _bill. ; _c24 cm. |
||
| 500 | _aIncludes index. | ||
| 650 | 1 | 0 |
_aNew products _xEnvironmental aspects. _93272 |
| 650 | 1 | 0 |
_aProduct life cycle _xEnvironmental aspects. _93273 |
| 942 |
_aSADA _cBK _k658.5752 CHA 2005 _2ddc |
||
| 999 |
_c352875 _d352875 |
||